00944nam a22002297a 450000500170000000800420001702000180005904100080007704400070008510000190009224501250011126000530023630000320028950400530032165000570037465000500043165000920048165000500057365000370062370000240066070000300068420141110162827.0141110b ck ||||| 2012 00| 0 spa d a9789585745018 aspa ack1 aCharry, Johana aManual Práctico de Uso y Manejo Eficiente de Llantas Usadas para el Departamento del Meta cJohana, Charry... (et al.) aVillavicencio :bCORMACARENA,bECOPETROL,c2012. a52 pag.bFot (col.)c28 cm. aIncluye referencias bibliográficas (pag 51-52) a Aprovechamiento de residuos.z Meta (Dpt. Colombia) aResiduos industriales.z Meta (Dpt. Colombia) a Aprovechamiento de residuos plásticos.x Aspectos ambientalesz Meta (Dpt. Colombia) aResiduos neumáticos z Meta (Dpt. Colombia) aReciclajez Meta (Dpt. Colombia) aPerea, Yaro Armando aLeón-Bejarano, Oliverio